000 00934cam a22003011 4500
001 30282
003 BD-RjUL
005 20211209051535.0
008 140409s1930 enka 001 0 eng d
035 _a(BD-RjUL)30367
035 _a(OCoLC)2957385
040 _aDLC
_cGASU
_dOCoLC
_dDLC
_dBD-RjUL
_beng
041 _aeng
082 0 0 _a155
_bSPC 1930
100 1 _aSpearman, C.
_q(Charles),
_d1863-1945.
_990553
245 1 0 _aCreative mind /
_cby C. Spearman ...
260 _aLondon :
_bNisbet & Co., Ltd.; [etc., etc.,
_c1930.
300 _axii p., 2 l., 153 p. :
_billus., diagrs. ;
_c20 cm.
490 0 _aThe Contemporary library of psychology
504 _aIncludes index.
650 0 _aImagination.
_992071
650 0 _aThought and thinking.
_992072
650 0 _aArt
_xPhilosophy.
_953278
650 0 _aCreation (Literary, artistic, etc.)
_92740
942 _2ddc
_cBK
999 _c30282
_d30282